000 00472nam a22001577a 4500
003 OSt
008 260424b |||||||| |||| 00| 0 eng d
082 _a634.651
_bR18E
100 _aRani, Kumari Vibhaa
245 _aEfficacy of Some Chemicals and Packaging Materials on Shelf-Life of Papaya (Carica Papaya Linn.) cv. Ranchi
260 _aPusa, Samastipur
_bRAU
_c2007
300 _a42P.
502 _bMsc.
_d2007
650 _aFruit and Fruit Technology
942 _2ddc
_cT
999 _c50174
_d50174